000 01188nam a22003377a 4500
003 CHAP
005 20220329141529.0
008 971013s1980 r 00010 d
010 _a69689
011 _a70661
035 _a80160
040 _cCHAP
082 0 0 _a636.0824
_bJ6
100 0 0 _aJöchle, Walfgang.
_962558
245 1 _aControl of reproductive functions in domestic animals
260 _aThe Hague, Netherlands :
_bMartinus Nijhoff,
_c1980
300 _a248 p.
490 _aCurrent topics in veterinary medicine and animal science
_v; 7
590 _aBATCH-UPD
_b10
_c20130110
_lUCH01
_h0635
590 _aBATCH-UPD
_b10
_c20130110
_lUCH01
_h2311
590 _aBATCH-UPD
_b10
_c20130410
_lUCH01
_h0318
590 _aBATCH-UPD
_b10
_c20130914
_lUCH01
_h1706
590 _aCONVERSION
_b10
_c20130109
_lUCH01
_h1338
650 1 4 _aReproducción animal.
_996028
700 0 _aLamond, Donald Ross.
_964588
830 0 _aCurrent topics in veterinary medicine and animal science
_v; 7
_930545
901 _aBK
942 _cLIBRO
949 _a636.0824 J6
_bBC
_cLIBRO
_d33724000889879
_eLIBRO
_h62696
_i80160
_si
949 _a636.0824 J6
_bZ
_cLIBRO
_d-33059
_eLIBRO
_gI.167233
_h1554
_i80160
_si
999 _c69689
_d69689